02383 a2200205 45000010006000000050017000060080041000230030015000640400040000790800118001192450046002370200022002832500013003052640036003183000027003545051671003810410008020521000022020608560095020825735820260407155835.0260407a2021 arg spa dAR-UNSa-BCEJYS aAR-UNSa-BCEJYSbspacAR-UNSa-BCEJYS a330.82xTeorías económicas clásicas y posclásica. Liberalismo. Escuelas ética, romántica, histórica10aLa acción humanaptratado de economía a978-84-7209-836-7 a14a. ed. 1aMadrid :bUnion Editorialc2021 alxxiv, 1068 p.c23 cm. a1. El hombre en acción – 2. Problemas epistemológicos de las ciencias de la acción humana – 3. La economía y la rebelión contra la razón – 4. Un primer análisis de la categoría de acción – 5. El tiempo – 6. La incertidumbre – 7. La acción en el mundo – 8. La sociedad humana – 9. El papel de las ideas – 10. El intercambio en la sociedad – 11. Evaluación sin calculo – 12. El ámbito del cálculo económico – 13. El cálculo monetario al servicio de la acción – 14. El ámbito y metodología de la cataláctica – 15. El mercado – 16. Los precios – 17. El cambio indirecto – 18. La acción y el transcurso del tiempo – 19. El interés – 20. El interés, la expresión crediticia y el ciclo económico – 21. Trabajo y salarios – 22. Los factores originarios de producción no humanos – 23. Los datos del mercado – 24. Armonía y conflicto de intereses – 25. La construcción imaginaria de una sociedad socialista – 26. La imposibilidad del cálculo económico bajo el socialismo – 27. El gobierno y el mercado – 28. El intervencionismo fiscal – 29. La restricción de la producción – 30. La intervención de los precios – 31. La manipulación del dinero y del crédito – 32. Confiscación y redistribución – 33. Sindicalismo y corporativismo – 34. La economía de guerra – 35. El principio del bienestar frente al principio del mercado – 36. La crisis del intervencionismo – 37. El carácter no descriptivo de la economía – 38. La economía en el sistema educativo – 39. La economía y los problemas esenciales de la existencia humana  aspa1 aVon Mises, Ludwig41uhttps://biblioeco.unsa.edu.ar/pmb/images/libros/L128749.jpgyImagen de portadaqimage/jpeg